Đo lường đại lượng không điện bằng điện; T1 Dùng cho học sinh các Trường Đại học kỹ thuật

Đã lưu trong:
Sonraí Bibleagrafaíochta
Príomhúdar: A M Turichin
Formáid: Leabhar
Teanga:Undetermined
Foilsithe: Hà Nội ĐH và THCN 1976
Ábhair:
Clibeanna: Cuir Clib Leis
Gan Chlibeanna, Bí ar an gcéad duine leis an taifead seo a chlibeáil!
Thư viện lưu trữ: Trung tâm Học liệu Trường Đại học Cần Thơ
LEADER 00630nam a2200181Ia 4500
001 CTU_2203
008 210402s9999 xx 000 0 und d
082 |a 530.7 
082 |b T938/T1 
100 |a A M Turichin 
245 0 |a Đo lường đại lượng không điện bằng điện; T1 
245 0 |b Dùng cho học sinh các Trường Đại học kỹ thuật 
245 2 |c A M Turichin; Dịch giả: Nguyễn Y Tô 
260 |a Hà Nội 
260 |b ĐH và THCN 
260 |c 1976 
650 |a measure theory,measuring instruments 
980 |a Trung tâm Học liệu Trường Đại học Cần Thơ